| 000 | 01249nam2a2200241 4500 | ||
|---|---|---|---|
| 001 | rc\3017150 | ||
| 005 | 20260315064500.0 | ||
| 035 | _a(NLR Aleph) 007159392 | ||
| 090 |
_a13618514 _c13618514 |
||
| 100 | _a20110926d1944 u y0rusy50 ca | ||
| 101 | 0 | _arus | |
| 102 | _aRU | ||
| 105 | _ay z ||||| | ||
| 200 | 1 | _aЗа 1943 год | |
| 210 | _d1944 | ||
| 215 | _a44 с. | ||
| 461 | 0 |
_1001rc\3017149 _12001#$aРабочая хроника Института востоковедения ...$e1-$fРед.: акад. В.В. Струве, д-р ист. наук Я.Б. Радуль-Затуловский и канд. техн. наук Д.И. Тихонов$gАкад. наук Союза ССР. Ин-т востоковедения$v1 _97233467 _aИнститут востоковедения (Ленинград) _cТашкент _d1944 _fРед.: акад. В.В. Струве, д-р ист. наук Я.Б. Радуль-Затуловский и канд. техн. наук Д.И. Тихонов _nБ. и. _o1- _tРабочая хроника Института востоковедения ... _v1 |
|
| 801 | 0 |
_aRU _bNLR _gpsbo |
|
| 801 | 1 |
_aRU _bELAR _2rusmarc |
|
| 852 |
_aNLR _jИ10 Г-8/3(1) |
||
| 852 |
_aNLR _jКРII/32 |
||
| 942 | _cUNSPEC | ||
| 980 | _aNB | ||